Quy hoạch quản lý và phát triển các khu công nghiệp ở Việt Nam

Nội dung của sách tổng kết, đánh giá công tác quản lý phát triển khu công nghiệp trong một số năm qua, giới thiệu về quy hoạch tổng thể và một số quy hoạch chi tiết các khu công nghiệp của Việt Nam....

ver descrição completa

Na minha lista:
Detalhes bibliográficos
Autor principal: Bộ Xây dựng
Formato: Livro
Idioma:Undetermined
Publicado em: Hà Nội Xây Dựng 1997
Assuntos:
Tags: Adicionar Tag
Sem tags, seja o primeiro a adicionar uma tag!
Thư viện lưu trữ: Trung tâm Học liệu Trường Đại học Cần Thơ
LEADER 00921nam a2200205Ia 4500
001 CTU_37276
008 210402s9999 xx 000 0 und d
020 |b 50.000đ 
082 |a 725.4 
082 |b B450 
100 |a Bộ Xây dựng 
245 0 |a Quy hoạch quản lý và phát triển các khu công nghiệp ở Việt Nam 
245 0 |c Bộ Xây dựng 
260 |a Hà Nội 
260 |b Xây Dựng 
260 |c 1997 
520 |a Nội dung của sách tổng kết, đánh giá công tác quản lý phát triển khu công nghiệp trong một số năm qua, giới thiệu về quy hoạch tổng thể và một số quy hoạch chi tiết các khu công nghiệp của Việt Nam. 
650 |a cities and town,city planning - vietnam 
904 |i Minh, 000705 
980 |a Trung tâm Học liệu Trường Đại học Cần Thơ